00363nam a2200109Ia 4500008004100000082000800041100002400049245006200073942000600135952009700141999001500238240331s9999 xx 000 0 und d bSNA aFeminast review. ed 0aSnakes and ladders :breviewing feminism at century's end cL 001040708LaWERCLbWERCLcSSCd2024-03-31l0o 305.4 SNAp2991r2024-03-31w2024-03-31yL c1640d1640